| 000 | 01199cam a22004097a 4500 | ||
|---|---|---|---|
| 001 | 11063 | ||
| 003 | armpuni | ||
| 005 | 20260414145007.0 | ||
| 008 | 160923s1979####xx#a##########000#0#und#d | ||
| 020 | _a0080208975 | ||
| 040 |
_aarmpuni _carmpuni |
||
| 041 | _aen | ||
| 080 | _a669.01 K 87 | ||
| 100 | 1 | _aKubaschewski, O. | |
| 245 | 1 | 0 |
_aMetallurgical Thermochemistry / _cO. Kubaschewski ; C. B. Alcock |
| 250 | _a5ta. ed. | ||
| 260 |
_aOxford : _bPergamon Press, _cc1979 |
||
| 300 |
_ax, 449 p. : _bil, tab, graf. ; _c25 cm. |
||
| 500 | _aTraducido del inglés: Problems in metallurgical thermodynamics and kinetics, 1977 | ||
| 650 | 7 | _aCAPACIDAD CALORIFICA | |
| 650 | 7 | _aTRATAMIENTO DE PROBLEMAS | |
| 650 | 7 | _aTABLA DE DATOS TERMOQUIMICOS | |
| 650 | 7 | _aBALANCES DE ENERGIA | |
| 650 | 7 | _aCONSTANTE DE EQUILIBRIO | |
| 650 | 7 | _aELECTROQUIMICA | |
| 650 | 7 | _aENERGIA LIBRE | |
| 650 | 7 | _aEQUILIBRIO DE GASES | |
| 650 | 7 | _aCALORIMETRIA | |
| 650 | 7 | _aENTALPIA | |
| 650 | 7 | _aENTROPIA | |
| 650 | 7 | _aQUIMICA METALURGICA | |
| 650 | 7 |
_aREACCIONES QUIMICA _xVELOCIDAD |
|
| 650 | 7 | _aTERMODINAMICA | |
| 700 | 1 | _aAlcock, C. B. | |
| 942 |
_cLB _2cdu |
||
| 945 |
_aCG _d2026-03-30 |
||
| 999 |
_c11063 _d12238 |
||